03141nam a2200541Ia 45000010005000000080041000050100009000460410014000550820016000692450164000852600013002493000008002625200007002706300024002776300016003016300016003176500024003336900016003577000034003737000039004077000038004469010086004849020006005709030042005769040018006189050024006369060006006609070014006669080014006809090057006949100015007519110010007669120014007769130009007909140023007999150019008229160009008419170009008509180014008599190021008735201646008949210007025409220007025479230006025549240014025609420010025749990015025842802241029s9999 xx 000 0 und d a2634 aEspañol aM.G.C. 016  0aIncidencia de la gestión de centro en la prevención de embarazo en adolescentes del Nivel Medio, del Centro Educativo Juan Antonio Collado, año 2008-2009 aSantiago a127 a27 aComunidad Educativa aEducación aEstudiantes aGestión Educativa aSintetizado easesoraMartínez, Margarita eautoraYnfante Merán, Alba Yris  eautoraMerán, Dolores Socorro  a{"1":"Ynfante Merán","2":"Merán"}b{"1":"Alba Yris ","2":" Dolores Socorro "} a1 a{"1":"Martínez"}b{"1":"Margarita"} aMaestría en aGestión Educativa a2 aNO APLICA aNO APLICA aISFODOSU, Recinto Luís Napoleón Núñez Molina aNULLbNULL a["1"] aNO APLICA aNULL a01 de Mayo de 2009 a20/07/15 11:07 aNULL aNULL aNO APLICA a["45","72","96"] aEn la época actual son muchos los casos de embarazos en adolescentes que se registran en los diferentes centros hospitalarios del país, por esa razón, la investigación se enfocó en analizar la incidencia de la gestión de centro para la prevención de embarazo en adolescentes de 1ero a 4to. grado del Centro Educativo Juan Antonio Collado. La metodología es de tipo descriptivo ? explorativo, porque se fundamentó en la observación de un problema. El instrumento utilizado fue un cuestionario que fue aplicado a la muestra constituida por 162 estudiantes, 130 padres, 11 docentes y 1 directora.Los resultados indicaron que una gran parte de los jóvenes en edad de adolescencia hacen uso exagerado de su libertad, convirtiéndose de ese modo en libertinaje. Que los adolescentes no siguen las orientaciones que les ofrecen la mayoría de los/as profesores/as, padres, madres o tutores. Además, se comprobó que las orientaciones que les brindan los padres a sus hijos no son suficientes, pues según el 45 % de los alumnos entrevistados, sus padres muy pocas veces les orientan sobre el tema relacionado con la sexualidad.La investigación sugiere al Ministerio de Educación crear un Departamento de orientación y psicología en el Centro, para que se encargue de impartir los temas de educación sexual y brindarles a los/as alumnos/as las pautas necesarias para prevenir los embarazos en adolescentes.   También, propone organizar talleres, jornadas y charlas con los profesores, padres, estudiantes y grupos organizados de la comunidad donde se desarrollen temas relacionados con esta problemática. a11 a11 a0 aNO APLICA cTesis c2634d2634